Catalog

Record Details

Catalog Search



Hrozné doby protireformace  Cover Image Book Book

Hrozné doby protireformace / Jan Fiala

Fiala, Jan (Author).

Record details

  • ISBN: 80-901854-7-9
  • Physical Description: 170 p.
  • Edition: 1. vyd.
  • Publisher: Heršpice Eman 1997

Available copies

  • 1 of 1 copy available at Common Catalog SPOK.

Holds

  • 0 current holds with 1 total copy.
Show Only Available Copies
Location Call Number / Copy Notes Barcode Shelving Location Status Due Date
ETS Library 274.3706 424470007049 Volný výběr Available -

LDR 00632nam a2 00253
00141249
003CZ-PrJAB
00520040123000000.0
008000306s1997 xr e |||| |cze
009cz
020 . ‡a80-901854-7-9
035 . ‡a(CONS)3830
035 . ‡aKPS6717
040 . ‡aABG450
041 . ‡acze
08214. ‡a274.3706
100 . ‡7451 ‡aFiala, Jan
245 . ‡aHrozné doby protireformace / ‡cJan Fiala
250 . ‡a1. vyd.
260 . ‡aHeršpice ‡bEman ‡c1997
300 . ‡a170 p.
653 . ‡aHrozné doby protireformace
8524 . ‡bETS ‡bETS ‡cVolný výběr ‡j274.3706 ‡gA ‡p424470007049
910 . ‡aABG450
999 . ‡a3830 ‡bAUTOGEN ‡c3830 ‡tbiblio
905 . ‡uadmin
901 . ‡a41249 ‡b ‡c41249 ‡tbiblio ‡sets

Additional Resources